000 00743nam a22001934i 4500
999 _c8032
_d8032
003 OSt
005 20250722134844.0
008 250710e202504 spco||||||||| 000 0bcat|c
040 _ccdmr
_bcat
100 1 _aDelshams, Lleonard,
_d1956-
_efotògraf
_eautor
245 1 0 _aLleonard Delshams des del retrovisor /
_cautor: Lleonard Delshams Valdès, cura de l'edició: Anna Sàez Mateu i Josep Grau Santesmasses
264 1 _aLleida :
_bEdicions de la Clamor,
_c2025
300 _a143 pàgines :
_bil·lustracions ;
_c19 x 24 cm
600 1 7 _aDelshams, Lleonard,
_d1956-
651 7 _aLleida (Catalunya)
_vLlibres de làmines.
700 1 _aSàez Mateu, Anna,
_eeditor literari
700 1 _aGrau Santesmasses, Josep,
_eeditor literari
942 _2udc
_cMON